[Event "IV Niterói Chess Open 2024"]
[Site "Rio de Janeiro"]
[Date "2024.08.29"]
[Round "2"]
[Board "20"]
[White "Serpa, Rafael Araujo"]
[Black "Dos Santos, Gilvan Nobrega"]
[Result "1-0"]
[WhiteElo "2107"]
[BlackElo "1898"]
[Annotator "Chessbase"]
[PlyCount "98"]
[EventDate "2024.08.28"]
[EventRounds "7"]
[EventCountry "BRA"]

1. e4 e5 2. Nf3 Qe7 3. Nc3 c6 4. d4 d6 5. Bc4 g6 ({RR} 5... Bg4 6. dxe5 dxe5 7. h3 Bh5 8. g4 Bg6 9. Bg5 f6 10. Be3 Nd7 11. Nh4 O-O-O 12. Qe2 Nb6 13. Bb3 Qc7 14. Bd2 Bc5 15. O-O-O Ne7 16. Nf5 Nxf5 17. exf5 Bf7 18. Ne4 Bxb3 19. axb3 Be7 20. Ba5 {½-½ Adams,M (2731)-Radjabov,T (2670) FIDE-Wch k.o. 2004 (6.4)}) 6. O-O ({RR} 6. Bg5 f6 7. Be3 Nh6 8. h3 Bg7 9. Qd2 Nf7 10. Bb3 O-O 11. O-O-O Kh8 12. g4 b5 13. dxe5 dxe5 14. Ne2 a5 15. a3 Na6 16. Ng3 a4 17. Ba2 b4 18. Qd3 Be6 19. Bxe6 Qxe6 20. Kb1 Rfb8 {1-0 Lagno,K (2532)-Antonova,N (1967) BRICS Games Blitz Team 2024 (6.4)}) 6... b5 $146 ({RR} 6... Bg7 7. h3 Nf6 8. a4 O-O 9. Re1 h6 10. Be3 Nh5 11. Qd2 Kh7 12. Rad1 Nd7 13. g4 Nhf6 14. dxe5 dxe5 15. Qd6 Qxd6 16. Rxd6 g5 17. Red1 Kg8 18. a5 Re8 19. a6 b5 20. Bb3 Nb8 21. Rd8 {1-0 Redin Miqueleiz,J-Munoz Perez,I San Sebastian op 1996}) ({RR} 6... Bg7 7. dxe5 dxe5 8. a4 Be6 9. Qe2 Nd7 10. b3 Bxc4 11. Qxc4 Qc5 12. Qd3 O-O-O 13. Ba3 Qa5 14. Rad1 Ngf6 15. Be7 Rde8 16. b4 Qc7 17. Bd6 Qb6 18. a5 Qa6 19. Qxa6 bxa6 20. Ng5 Rhg8 21. Nxf7 {1-0 Valerio,J-Etcheverry,P Playas de General Madariaga-10 1975 (5)}) ({RR} 6... Bg7 7. dxe5 dxe5 8. a4 Be6 9. Bxe6 Qxe6 10. b3 Nd7 11. Qe2 f6 12. Rd1 Nh6 13. Ba3 Nf7 14. a5 Bf8 15. Bxf8 Rxf8 16. Qe3 a6 17. Na4 Qe7 18. Rxd7 Qxd7 19. Nb6 Qd8 20. Nxa8 Qxa8 21. Rd1 {1-0 Markun,B (2266)-Veljkovic,B (2020) SLO-chT2W Bled 2003 (2)}) 7. Bb3 Bg7 8. dxe5 dxe5 9. a4 b4 10. Nb1 Nf6 11. Nbd2 O-O 12. Qe2 Nbd7 13. c3 Nh5 14. g3 Rb8 15. a5 Nc5 16. Bc4 Bg4 17. cxb4 Ne6 18. Qe3 Kh8 19. Bxe6 Bxe6 20. b3 f5 21. Bb2 fxe4 22. Nxe4 Bd5 23. Nfd2 Rf7 24. Ba3 Qd7 25. f3 Re8 26. b5 Bf8 27. Bxf8 Rfxf8 28. bxc6 Bxc6 29. Nc4 Ng7 30. Qd2 Qxd2 31. Ncxd2 Nf5 32. Rae1 Nd4 33. Re3 Nc2 34. Rc3 Nd4 35. Kf2 Re7 36. Rfc1 Bxe4 37. Nxe4 Ref7 38. Nd2 e4 39. f4 g5 40. Ke3 Ne6 41. fxg5 Nxg5 42. Rc8 Rxc8 43. Rxc8+ Kg7 44. h4 Ne6 45. Nxe4 Rb7 46. Nc5 Nxc5 47. Rxc5 Rxb3+ 48. Kf4 Rb7 49. a6 Rf7+ 1-0

[Event "IV Niterói Chess Open 2024"]
[Site "Rio de Janeiro"]
[Date "2024.09.01"]
[Round "7"]
[Board "16"]
[White "Rodrigues Mota, Romulo Cardoso S"]
[Black "Baptista, Andre Kemper"]
[Result "1-0"]
[WhiteElo "2110"]
[BlackElo "1913"]
[Annotator "Chessbase"]
[PlyCount "51"]
[EventDate "2024.08.28"]
[EventRounds "7"]
[EventCountry "BRA"]

1. e4 {Chaves,Jorge Antonio Torre} e5 2. Nf3 Nf6 3. Nxe5 d6 4. Nf3 Nxe4 5. d4 d5 6. Bd3 Nc6 7. O-O Be7 8. Re1 O-O ({RR} 8... Bg4 9. c3 f5 10. Nbd2 O-O) 9. Bxe4 ({RR} 9. c4 Nf6 10. Nc3 Bg4) 9... dxe4 10. Rxe4 Bf5 11. Re1 Bd6 $146 ({RR} 11... Nb4 12. Na3 c5 13. Be3 ({RR} 13. dxc5 Bxc5 14. Be3 Be7 15. Nd4 Bg6 16. Qe2 Nd5 17. Nc4 Nxe3 18. Qxe3 Bg5 19. f4 Bh4 20. g3 Bf6 21. Rad1 Bh5 22. Rd2 Qd5 23. b3 h6 24. Ne5 Rae8 25. c4 Qa5 26. Rf2 Bd8 27. Qd2 Qxd2) 13... Bf6 14. c3 Nd3 15. Re2 cxd4 16. Bxd4 Nf4 17. Rd2 Qc8 18. Bxf6 gxf6 19. Qa4 Ng6 20. Nc4 Be6 21. Ne3 Kg7 22. Rad1 Qc5 23. Nd4 Bc8 24. Ndf5+ Bxf5 25. Rd5 Qb6 26. Nxf5+ {1-0 Smeets,J (2647)-Bucan,E (2177) Sarajevo Bosna op 41st 2011 (5)}) ({RR} 11... Nb4 12. Na3 c5 13. Bf4 g5 ({RR} 13... Rc8 14. Qd2 h6 15. Bg3 cxd4 16. Qxd4 Bc5 17. Qxd8 Rfxd8 18. Re2 Nc6 19. Nc4 Nd4 20. Nxd4 Bxd4 21. Nd6 Rxc2 22. Rxc2 Bxc2 23. Rc1 Bg6 24. Nxb7 Re8 25. Nd6 Re2 26. Nc4 Bd3 27. h4 f5 28. h5) 14. Be3 ({RR} 14. Qe2) 14... g4 15. Ne5 h5 16. c3 Nd5 17. Bh6 Re8 18. Nc2 ({RR} 18. Rc1) 18... Bg5 ({RR} 18... Qb6 19. Bc1 Bf6 20. Na3 Rad8) 19. Bxg5 Qxg5 20. Ne3 Nf4 21. Nxf5 ({RR} 21. Qb3) 21... Qxf5 22. Qd2 ({RR} 22. f3) 22... cxd4 ({RR} 22... Rad8) 23. cxd4 ({RR} 23. Qxd4 Rad8 24. Qe4 Qxe4 25. Rxe4 Nd3 26. Nd7 Rxe4 27. Nf6+ Kf8 28. Nxe4 Nxb2) 23... Rac8 24. Rac1 ({RR} 24. Qe3 f6 25. Qb3+ Qe6 26. Qxe6+ Rxe6 27. Nd7 Rd6) 24... f6 25. Rxc8 ({RR} 25. Nc4 Rxe1+ 26. Qxe1 Nd3 27. Qe3 Nxc1 28. Qxc1 b5) 25... Rxc8 26. Nd7 {½-½ Ramos,A (2197)-Chaves,J (2121) Rio de Janeiro Ferreira Memorial 2007 (2)}) ({RR} 11... Nb4 12. Na3 c5 13. c3 Nd3 14. Re3 Nxc1 15. Rxc1 Be6 16. d5 Bg4 17. Qd3 Bd6 18. Ne5 Bc8 19. Nac4 Bb8 20. d6 Be6 21. a4 Qh4 22. Rd1 f6 23. Re4 Qh5 24. Nc6 Bd7 25. Ne7+ Kh8 26. b3 {1-0 Agopov,M (2436)-Sherbakov,N (2077) Heart of Finland op 20th 2010 (6)}) 12. Bg5 Qd7 13. c3 h6 14. Bh4 Rfe8 15. Nbd2 Rxe1+ 16. Qxe1 Re8 17. Qf1 g5 18. Bg3 Bxg3 19. hxg3 Qd5 20. Nc4 Qb5 21. a4 Qa6 22. b4 b5 23. Ne3 Ne7 24. Qxb5 Qxb5 25. axb5 Bd7 26. Rxa7 1-0

[Event "IV Niterói Chess Open 2024"]
[Site "Rio de Janeiro"]
[Date "2024.08.28"]
[Round "1"]
[Board "58"]
[White "Dos Santos, Vinicius Goncalves Azevedo"]
[Black "Baptista, Andre Kemper"]
[Result "0-1"]
[WhiteElo "1800"]
[BlackElo "1913"]
[Annotator "Chessbase"]
[PlyCount "56"]
[EventDate "2024.08.28"]
[EventRounds "7"]
[EventCountry "BRA"]

1. e4 e5 2. Nf3 Nf6 3. Nxe5 d6 4. Nf3 Nxe4 5. d4 d5 6. Bd3 Nc6 7. O-O Be7 8. Bf4 O-O 9. c3 Bg4 10. Nbd2 f5 11. Qc2 $146 ({RR} 11. h3 Bh5 12. Qb3 b6 13. Rae1 Kh8 14. Qc2 h6 15. b4 Bd6 16. Ne5 Nxe5 17. dxe5 Be7 18. f3 Nxd2 19. Qxd2 Bg5 20. Bxg5 hxg5 21. g4 Bg6 22. f4 gxf4 23. Rxf4 Bh7 24. Bxf5 Qg5 25. Qf2 g6 {1-0 Krca,M (2015)-Krejci,J (2209) CZE-chT2e 0405 2004 (9.6)}) 11... Ng5 12. Ne5 Nxe5 13. dxe5 Ne6 14. Bg3 f4 15. Bxh7+ Kh8 16. h3 fxg3 17. hxg4 Rxf2 18. Rxf2 Bc5 19. Bf5 Nf4 20. Nf3 Bxf2+ 21. Kf1 Qe8 22. Rd1 Qc6 23. Qd2 Qh6 24. Nh4 g5 25. Ng6+ Nxg6 26. Ke2 Nf4+ 27. Kf3 Rf8 28. Qc2 Qh2 0-1

[Event "IV Niterói Chess Open 2024"]
[Site "Rio de Janeiro"]
[Date "2024.08.31"]
[Round "6"]
[White "Cunha, Rodrigo Azalim"]
[Black "Nascimento, Nicolas Daniel Trin"]
[Result "0-1"]
[WhiteElo "1624"]
[BlackElo "1928"]
[Annotator "Chessbase"]
[PlyCount "36"]
[EventDate "2024.08.28"]
[EventRounds "7"]
[EventCountry "BRA"]

1. e4 e5 2. Nf3 Nf6 3. Nxe5 d6 4. Nf3 Nxe4 5. d4 d5 6. c4 Bb4+ 7. Nbd2 O-O 8. Bd3 ({RR} 8. Be2 Nc6 9. O-O Bxd2 10. Bxd2 dxc4 11. Bf4 c3 12. bxc3 Nxc3 13. Qd2 Nxe2+ 14. Qxe2 Bg4 15. Qd3 Bxf3 16. gxf3 Qxd4 17. Qxd4 Nxd4 18. Bxc7 Rac8 {0-1 Killane,J (1733)-McCarthy,P (1751) ch-IRL 65+ 2024 (7)}) 8... Nxd2 $146 ({RR} 8... Bg4 9. h3 Bxf3 10. gxf3 Nxd2 11. Bxd2 Re8+ 12. Kf1 Bxd2 13. Qxd2 Nc6 14. Qf4 Nb4 15. Qd2 dxc4 16. Bxc4 Qd6 17. a3 Nd5 18. Qg5 Nf4 19. Rg1 Qxd4 20. Rc1 Rad8 21. Bxf7+ Kh8 22. Qxg7+ Qxg7 23. Rxg7 {0-1 Szabo,V-Alperovich,A Ajka op 1992 (6)}) 9. Bxd2 Re8+ 10. Be2 Bxd2+ 11. Qxd2 dxc4 12. O-O Be6 13. Ne5 b5 14. b3 cxb3 15. Bxb5 c6 16. Bc4 Bd5 17. Bxb3 Bxb3 18. axb3 Rxe5 0-1

[Event "IV Niterói Chess Open 2024"]
[Site "Rio de Janeiro"]
[Date "2024.08.31"]
[Round "5"]
[Board "13"]
[White "Rodrigues Mota, Romulo Cardoso S"]
[Black "Nascimento, Kaio Vinicius Da Trindade"]
[Result "0-1"]
[WhiteElo "2110"]
[BlackElo "1693"]
[Annotator "Chessbase"]
[PlyCount "128"]
[EventDate "2024.08.28"]
[EventRounds "7"]
[EventCountry "BRA"]

1. e4 {Blatny,Pavel} e5 2. Nf3 Nf6 3. Nxe5 d6 4. Nf3 Nxe4 5. d4 d5 6. Bd3 Be7 7. O-O O-O 8. c4 c6 ({RR} 8... Nf6) 9. Re1 ({RR} 9. Qc2 f5 10. Nc3 Kh8 ({RR} 10... Na6 11. a3 ({RR} 11. Qb3 Nb4) 11... Be6) 11. Qb3 dxc4 12. Bxc4 Nd7 ({RR} 12... Nd6) 13. Re1 Nd6 14. Bd3 f4 15. Qc2 g6 16. b3 Nb6 17. Ba3 Bf5 18. Qe2 Nbc8 19. Bxf5 Nxf5 20. Qe5+ Kg8 21. Bxe7 Nfxe7 22. Ng5 Rf5 23. Qe6+ Kg7) 9... Bf5 ({RR} 9... Be6 10. Qc2 ({RR} 10. Qb3 dxc4 11. Bxc4 ({RR} 11. Qxb7 cxd3 12. Qxa8 Qb6 13. Rxe4 Na6 14. Qxf8+ Bxf8 15. Nc3 Nb4) 11... Bxc4 12. Qxb7 ({RR} 12. Qxc4 Nd6 13. Qb3 Nd7) 12... Nd7 13. Rxe4 Bd5 14. Re1 ({RR} 14. Re3 Bxf3 15. Rxf3 ({RR} 15. gxf3 Bg5 16. Nc3) 15... Ne5) 14... Bxf3 15. gxf3 Bf6) 10... f5 11. Nc3 Nd7 ({RR} 11... dxc4 12. Bxe4 Bc8 ({RR} 12... fxe4 13. Qxe4 Rf6 14. Ng5) 13. Bxc6 ({RR} 13. Qe2 fxe4 14. Qxc4+ Kh8 15. Ne5 Qe8 16. Nxe4) 13... Nxc6 14. Qe2 Bd6 15. Qxc4+ Kh8 16. d5) 12. cxd5 cxd5 13. Qb3 Kh8 ({RR} 13... Ndf6 14. Qxb7 Ng4 15. Re2 Bh4 16. g3 Bf6 17. h3) 14. Nxe4 fxe4 ({RR} 14... dxe4 15. Qxe6 Bb4 16. Bxe4 Rf6 ({RR} 16... Bxe1 17. Bxb7 Rb8 18. Bc6) 17. Qb3 Bxe1 18. Bxb7 Rb8 ({RR} 18... Rb6 19. Ng5 Qe7 20. Qh3 Rh6 21. Qe3 ({RR} 21. Nf7+ Qxf7 22. Bxh6 Bxf2+ 23. Kxf2 Rb8 24. Bc6 Rxb2+ 25. Kg1 gxh6 26. Qxh6) 21... Re8 22. Qxe7 Rxe7 23. Nf7+ Rxf7 24. Bxh6 Bxf2+ 25. Kxf2 gxh6 26. Re1)) 15. Bxe4 dxe4 16. Qxe6 exf3 17. Qxe7 Nb6 18. Qxd8 Raxd8 19. gxf3 Rxd4 ({RR} 19... Rxf3 20. Re7) 20. Be3 Rd7 21. Rad1 Rdf7 ({RR} 21... Rfd8 22. Rxd7 Nxd7 23. Rd1) 22. Bc5 Ra8 23. Rd3 h6 ({RR} 23... Nd7 24. Bxa7 Kg8 ({RR} 24... Rxa7 25. Rxd7) 25. Ra3) 24. Rde3 {1-0 Onischuk,A (2657)-Sulskis,S (2521) MK Cafe Cup-A 1999 (5)} {RR} Nd5 25. Re8+ Rxe8 26. Rxe8+ Kh7 27. Rd8) ({RR} 9... Nf6 10. cxd5 ({RR} 10. Ne5 Be6 11. c5 ({RR} 11. Qb3) 11... b6 12. cxb6 axb6 13. Nc3 c5 14. Bc2 Qc8 15. Bg5 Nc6 16. Ne2 Nb4 ({RR} 16... h6) 17. Ba4 Qa6 18. Nc3 cxd4 19. Qxd4 Bc5 20. Qh4) 10... cxd5 ({RR} 10... Nxd5) 11. Bg5 h6 12. Bh4 Nc6 13. Qb3 Qc7 14. Nc3 Be6 15. Rac1 Qd7 16. Bb5 a6 ({RR} 16... Rac8) 17. Ne5 Qd6 18. Bxc6 bxc6 19. Bg3) ({RR} 9... Bg4 10. h3 Bh5 11. Bxe4 dxe4 12. Rxe4 Bf6 13. Nc3 Bg6 14. Re1 Re8 15. Rxe8+ Qxe8 16. Bg5 Nd7 17. Qb3 b6 18. Re1 Qd8 19. Bxf6 Qxf6 20. Qa3 h6 21. Qe7 Qxe7 22. Rxe7 Nf6 23. Ne5 Bh7 24. Nxc6 {1-0 Mao,F (2132)-Smirnov,T (2368) Titled Tue 2nd Apr Early 2024 (3)}) 10. cxd5 cxd5 11. Qb3 Nc6 12. Qxb7 $146 ({RR} 12. Nc3 Bb4 13. Bf4 Nc5 14. dxc5 Bxd3 15. Bd6 Bc4 16. Qc2 Qf6 17. Bxf8 Rxf8 18. a3 Bxc5 19. Nxd5 Bxd5 20. Qxc5 Bxf3 21. gxf3 Nd4 22. Re3 Nxf3+ 23. Kg2 Qxb2 24. Rc1 Nh4+ 25. Kg1 Ng6 26. Rce1 b6 {0-1 Grcic,V (2156)-Omorjan,D (2233) SRB-ch U14 Kragujevac 2016 (8)}) ({RR} 12. Nc3 Nxd4 13. Nxd4 Nc5 14. Nxf5 Nxb3 15. Nxe7+ Kh8 16. axb3 Re8 17. Ncxd5 Rxe7 18. Rxe7 Qxd5 19. Rxa7 Rd8 20. Bf1 Qc5 21. Rd7 Qc8 22. Rxd8+ Qxd8 23. Rxb7 h6 24. Be3 Qd5 25. Rb8+ Kh7 26. g3 g6 {1-0 Khaliullin,A (2078)-Satanovskaia,E (1709) Chigorin Memorial 28th 2021 (5)}) 12... Nb4 13. Bxe4 Bxe4 14. Rxe4 dxe4 15. Qxe4 Rc8 16. Nc3 Re8 17. Be3 Bf6 18. Ne5 Nd3 19. Qxd3 Bxe5 20. Rd1 Bf6 21. Ne4 Qd5 22. Nxf6+ gxf6 23. h4 Re4 24. Bh6 Rg4 25. Qh3 f5 26. h5 Kh8 27. f3 Rxd4 28. Re1 Rd1 29. Qh4 Rxe1+ 30. Qxe1 Qd4+ 31. Be3 Qxb2 32. Qh4 Qa1+ 33. Kh2 Qe5+ 34. Bf4 Qe6 35. Bg5 h6 36. Qd4+ Kh7 37. Bf4 Rc4 38. Qd2 Qf6 39. Kh3 Qd4 40. Qxd4 Rxd4 41. Bc1 Rd1 42. Be3 a6 43. a3 Rh1+ 44. Kg3 Rxh5 45. Kf4 Kg6 46. g3 Rh1 47. Bc5 Rc1 48. Bf8 h5 49. Be7 Rc7 50. Bd6 Rc4+ 51. Ke3 Kf6 52. Bf8 Ke6 53. Kd3 Ra4 54. Ke3 Kd5 55. Be7 Rc4 56. Bf8 a5 57. Be7 a4 58. Kd3 f4 59. gxf4 Rxf4 60. Ke3 Rc4 61. Kf2 Rc3 62. Kg3 Kc4 63. Bb4 Rb3 64. Be7 h4+ 0-1

[Event "IV Niterói Chess Open 2024"]
[Site "Rio de Janeiro"]
[Date "2024.09.01"]
[Round "7"]
[Board "38"]
[White "Andrade, Roberto Luiz Costa"]
[Black "Santiago, Mauro"]
[Result "1-0"]
[WhiteElo "1945"]
[BlackElo "1711"]
[Annotator "Chessbase"]
[PlyCount "89"]
[EventDate "2024.08.28"]
[EventRounds "7"]
[EventCountry "BRA"]

1. e4 e5 2. Nf3 Nc6 3. Bc4 Bc5 4. d4 exd4 5. O-O a6 ({RR} 5... Qf6 6. e5 Qd8 7. c3 d5 8. exd6 Qxd6 9. b4 Bb6 10. Ng5 Nd8 11. Re1+ Ne7 12. Ne4 Qc6 13. Bb3 O-O 14. cxd4 Be6 15. Bb2 Bxb3 16. Qxb3 Ne6 17. Nc5 Nf4 18. Qg3 Ned5 19. Nc3 Rfe8 20. Nxd5 {½-½ Karacsony,A (2255)-Turzo,A (2265) Cseppko op 04th 1995}) ({RR} 5... Qf6 6. Bg5 Qg6 7. c3 dxc3 8. Nxc3 Nge7 9. Bxe7 Nxe7 10. Ne5 Qf6 11. Bxf7+ Kf8 12. Qh5 g6 13. Qh6+ Qg7 14. Qxg7+ Kxg7 15. Bb3 d6 16. Nd3 Nc6 17. Nxc5 dxc5 18. Rad1 Na5 19. Bd5 c6 20. Bb3 {1-0 Karasakal,D (1490)-Hartasanchez Muniz,L (1245) Gran Canaria Online (Women) blitz 2021 (6)}) 6. Ng5 Nh6 $146 ({RR} 6... Ne5 7. Nxf7 Nxf7 8. Bxf7+ Ke7 9. Bb3 d6 10. c3 dxc3 11. Nxc3 c6 12. e5 dxe5 13. Qh5 Kd7 14. Rd1+ Bd6 15. Qxe5 {1-0 Hater,D-Stuhr,F NATO-ch 11th 2000 (1)}) 7. Bxf7+ Nxf7 8. Nxf7 Kxf7 9. Qh5+ g6 10. Qxc5 d6 11. Qa3 Be6 12. Qg3 Qd7 13. c3 Rag8 14. cxd4 Nxd4 15. Qd3 Nc6 16. f4 Ke8 17. Bd2 Qf7 18. b3 Kd7 19. Bc3 h5 20. Bxh8 Rxh8 21. Nc3 Kc8 22. Rac1 h4 23. Nd5 Bxd5 24. exd5 Nd8 25. Rc2 Rh7 26. b4 Qf5 27. Qxf5+ gxf5 28. Re1 Kd7 29. a4 c6 30. Rec1 Re7 31. dxc6+ bxc6 32. b5 axb5 33. axb5 c5 34. Kf2 Re4 35. Rc4 Nb7 36. Rxe4 fxe4 37. f5 d5 38. Ke3 Ke7 39. Kf4 Kf6 40. g4 hxg3 41. hxg3 c4 42. g4 Nd6 43. g5+ Kg7 44. b6 d4 45. Rxc4 1-0

[Event "IV Niterói Chess Open 2024"]
[Site "Rio de Janeiro"]
[Date "2024.08.30"]
[Round "4"]
[Board "26"]
[White "Nejanky, Maisa"]
[Black "Mantelato, Davi Natali"]
[Result "0-1"]
[WhiteElo "1968"]
[BlackElo "1768"]
[Annotator "Chessbase"]
[PlyCount "72"]
[EventDate "2024.08.28"]
[EventRounds "7"]
[EventCountry "BRA"]

1. e4 e5 2. Nf3 Nc6 3. d4 exd4 4. Nxd4 Bc5 5. Be3 Qf6 6. c3 Nge7 7. Bc4 O-O 8. O-O Bb6 9. f4 d6 10. Kh1 ({RR} 10. Qd3 Nxd4 11. Bxd4 d5 12. exd5 Bf5 13. Qd2 Rad8 14. Bxb6 Qxb6+ 15. Kh1 Be4 16. Na3 Nxd5 17. Rae1 Nf6 18. Qf2 Qc6 19. Bb5 Qd5 20. Bc4 Qf5 21. Nb5 Ng4 22. Qg3 c5 23. h3 Nf6 24. Nxa7 Rd2 {0-1 Sandhoefner,F (2200)-Kovacs,G (2514) Oberwart op-A 2009 (2)}) 10... Qh4 ({RR} 10... Bd7 11. Na3 a6 12. Nac2 Na5 13. Bd3 Qh4 14. f5 Nac6 15. Rf4 Qf6 16. Rg4 d5 17. Rg3 Nxd4 18. Nxd4 dxe4 19. Bxe4 c6 20. Bg5 Qe5 21. f6 Ng6 22. fxg7 Qxg7 23. Nf5 Bxf5 24. Bxf5 Rfe8 25. Bd7 {1-0 Browning,R (1937)-Wenke,A (1681) BL2 West 2122 (Women) 2021 (7.4)}) 11. Nd2 $146 ({RR} 11. Qe1 Qxe1 12. Rxe1 Kh8 13. Nd2 Bd7 14. N2f3 h6 15. Rad1 Bg4 16. Be2 Rae8 17. h3 {½-½ Kliber,F-Wojdak,K (1571) Poznan op 22nd 2014 (8)}) 11... Bg4 12. N2f3 Qh6 13. Qc2 Na5 14. Bd3 f5 15. b4 fxe4 16. bxa5 Bxd4 17. Nxd4 exd3 18. Qxd3 c5 19. f5 Qh5 20. Ne6 Be2 21. Qxd6 Nxf5 22. Rxf5 Qxf5 23. Nxf8 Rxf8 24. Bxc5 Rc8 25. Bd4 Qf7 26. Qg3 Bc4 27. h3 Re8 28. Bxa7 Bd5 29. Rd1 Re2 30. Qb8+ Re8 31. Qg3 Bc6 32. Re1 Ra8 33. Qg5 h6 34. Qc5 Qg6 35. Rg1 Re8 36. Qc4+ Kh8 0-1

[Event "IV Niterói Chess Open 2024"]
[Site "Rio de Janeiro"]
[Date "2024.09.01"]
[Round "7"]
[Board "37"]
[White "De Almeida, Roberto A. Ferreira"]
[Black "Silveira, Rogerio Zanon Da"]
[Result "1/2-1/2"]
[WhiteElo "1775"]
[BlackElo "1999"]
[Annotator "Chessbase"]
[PlyCount "56"]
[EventDate "2024.08.28"]
[EventRounds "7"]
[EventCountry "BRA"]

1. e4 e5 2. Nf3 Nc6 3. d4 exd4 4. Nxd4 Nf6 5. Nxc6 bxc6 6. Bg5 Be7 7. Bd3 ({RR} 7. Nc3 Bb7 8. e5 Nd5 9. Bxe7 Nxe7 10. Bc4 O-O 11. O-O d5 12. Bd3 Ng6 13. f4 d4 14. Na4 f6 15. Bxg6 hxg6 16. exf6 gxf6 17. Nc5 Bc8 18. Qf3 Bd7 19. Rad1 Qe7 20. b4 Qe3+ 21. Qxe3 dxe3 {1-0 Akbari,A-Valibeagi Darvishvand,P IRI-ch U14 Chess.com INT 2021 (2)}) 7... O-O ({RR} 7... Nxe4 8. Bxe7 Qxe7 9. O-O Nc5 10. Re1 Ne6 11. Nd2 O-O 12. Re3 Bb7 13. Qh5 g6 14. Rg3 Nf4 15. Qh6 Nxd3 16. cxd3 Qf6 17. h4 Rab8 18. Ne4 Qxb2 19. Re1 Qg7 20. Qf4 f5 21. Ng5 Rfe8 22. Rb1 {½-½ Zhuravlev,T (2535)-Kondratjev,N Privolzhskogo FO-ch U14 2004 (7)}) 8. O-O h6 $146 ({RR} 8... Re8 9. Nd2 d6 10. c4 h6 11. Bxf6 Bxf6 12. Qc2 Be6 13. Rab1 Qe7 14. h3 Rab8 15. b3 Bd4 16. Nf3 Bc5 17. Rbd1 Qf6 18. Qe2 g6 19. e5 Qe7 20. exd6 cxd6 21. Qd2 Kh7 22. Qc2 f5 23. Rfe1 {0-1 Ruzicka,V (1711)-Dalecky,B (2153) Novy Bor op 2011 (1)}) ({RR} 8... d5 9. e5 Ne4 10. Bxe4 Bxg5 11. Bd3 Re8 12. f4 Bh6 13. Qh5 Qd7 14. h3 Qe7 15. g4 Qc5+ 16. Kg2 Ba6 17. Bxa6 Qxc2+ 18. Rf2 Qe4+ 19. Kg1 Bxf4 20. Nc3 Qe3 21. Ne2 Rxe5 22. Qh4 g5 23. Qh5 {1-0 Vera Cruz,A-Spinola,S (1691) CPV-ch Sar 2017 (4)}) ({RR} 8... d5 9. Bxf6 Bxf6 10. e5 Bxe5 11. Qh5 Re8 12. Qxh7+ Kf8 13. Nd2 Ke7 {1-0 Kiyaga,S (1674)-Kihembo,S (1648) Kampala Kawuma op 2018 (4)}) 9. Be3 d6 10. f3 Nh7 11. f4 f5 12. Nc3 fxe4 13. Bxe4 d5 14. Nxd5 Ba6 15. Nxe7+ Qxe7 16. Bxh7+ Kxh7 17. Re1 Qb4 18. b3 Rad8 19. Qf3 c5 20. Qf2 Rf5 21. c4 Bb7 22. Rad1 Rd6 23. Rxd6 cxd6 24. Rd1 Rf6 25. Qc2+ Kg8 26. Bd2 Qb6 27. Rf1 Qc6 28. Bc3 Re6 1/2-1/2

[Event "IV Niterói Chess Open 2024"]
[Site "Rio de Janeiro"]
[Date "2024.08.29"]
[Round "2"]
[Board "11"]
[White "Jeremias, Bianca Albano"]
[Black "Pires, Marcos Vinicius Torsani"]
[Result "0-1"]
[WhiteElo "1938"]
[BlackElo "2212"]
[Annotator "Chessbase"]
[PlyCount "54"]
[EventDate "2024.08.28"]
[EventRounds "7"]
[EventCountry "BRA"]

1. e4 e5 2. Nf3 Nc6 3. d4 exd4 4. Nxd4 Nf6 5. Nc3 Bb4 6. Nxc6 bxc6 7. Bd3 O-O 8. O-O Re8 9. Bg5 h6 10. Bxf6 Qxf6 11. f4 ({RR} 11. Na4 d5 12. exd5 cxd5 13. a3 Bf8 14. Nc3 c6 15. Qd2 Bd6 16. Rae1 Be6 17. Re2 Rab8 18. Nd1 Red8 19. c3 c5 20. f4 Bg4 21. Ree1 Bxd1 22. Rxd1 d4 23. c4 Re8 24. g3 Rb3 25. Rfe1 Reb8 {0-1 Hessenberger,A (2004)-Buchegger,F (2072) ch-AUT 2024 Linz AUT (3.28)}) 11... Bxc3 $146 ({RR} 11... Qd4+ 12. Kh1 Bxc3 13. bxc3 Qxc3 14. f5 Qf6 15. g4 d5 16. Qf3 Bd7 17. Rg1 Rab8 18. Raf1 Rb4 19. exd5 cxd5 20. Qg3 Bc6 21. h4 Re3 22. g5 Rxg3 23. gxf6 Rxh4# {0-1 Hinzmann,M-Waechter,T Berlin-ch U15 1997}) 12. bxc3 Qxc3 13. e5 d6 14. Qf3 Qc5+ 15. Kh1 dxe5 16. fxe5 Be6 17. Qe4 g6 18. Rf6 Bf5 19. Rxc6 Qa5 20. Qf4 Rxe5 21. h3 Bxd3 22. cxd3 Rae8 23. d4 Rf5 24. Qg3 Rg5 25. Qxc7 Re1+ 26. Rxe1 Qxe1+ 27. Kh2 Qf2 0-1

[Event "IV Niterói Chess Open 2024"]
[Site "Rio de Janeiro"]
[Date "2024.08.31"]
[Round "6"]
[White "Silveira, Rogerio Zanon Da"]
[Black "Kanzler, Karina Daniela Ferr"]
[Result "0-1"]
[WhiteElo "1999"]
[BlackElo "1874"]
[Annotator "Chessbase"]
[PlyCount "81"]
[EventDate "2024.08.28"]
[EventRounds "7"]
[EventCountry "BRA"]

1. e4 e5 2. Nf3 Nc6 3. Bb5 Nf6 4. Nc3 Bc5 5. d3 d6 6. h3 h6 7. Na4 Bb4+ 8. c3 Ba5 9. b4 Bb6 10. O-O O-O 11. Nxb6 $146 ({RR} 11. Bxc6 bxc6 12. c4 a5 13. c5 Ba7 14. bxa5 Ba6 15. Re1 Nd7 16. d4 exd4 17. Nxd4 Nxc5 18. Nxc6 Qe8 19. Nxc5 Bxc5 20. Nd4 Qe5 21. Nb3 Bc4 22. Bd2 Bxb3 23. axb3 f5 24. b4 Bd4 25. Qb3+ Kh8 {½-½ Balogh,C (2561)-Almasi,Z (2646) HUN-ch 56th Szekesfehervar 2006 (8)}) 11... axb6 12. Bc4 Ne7 13. Bb3 Ng6 14. Re1 Bd7 15. d4 Qc8 16. Kh2 Bc6 17. Bc2 b5 18. Bd2 Re8 19. d5 Bd7 20. a4 Nh5 21. axb5 Rxa1 22. Qxa1 Nhf4 23. Bxf4 Nxf4 24. Ng1 Bxb5 25. Ba4 Qd7 26. Bb3 Qe7 27. c4 Bd7 28. Bc2 Qg5 29. g3 Nxh3 30. Nxh3 Qh5 31. g4 Bxg4 32. Re3 Qh4 33. Rg3 Bxh3 34. Qa3 Bf5+ 35. Kg1 Bxe4 36. Rh3 Qf4 37. Bd1 Qd2 38. Bf3 Bxf3 39. Rxf3 Rf8 40. Qa5 Qg5+ 41. Rg3 0-1

[Event "IV Niterói Chess Open 2024"]
[Site "Rio de Janeiro"]
[Date "2024.08.28"]
[Round "1"]
[Board "32"]
[White "Vieira, Luana Saddi"]
[Black "Okamura, Milton Kasuo"]
[Result "0-1"]
[WhiteElo "1705"]
[BlackElo "2004"]
[Annotator "Chessbase"]
[PlyCount "90"]
[EventDate "2024.08.28"]
[EventRounds "7"]
[EventCountry "BRA"]

1. e4 e5 2. Nf3 Nc6 3. Bc4 Bc5 4. d3 Nf6 5. Nc3 h6 6. a3 a6 7. O-O d6 8. Be3 Bg4 9. Nd5 Nd4 10. Bxd4 Bxd4 11. c3 Ba7 12. Ne3 Bc8 $146 ({RR} 12... Bh5 13. Nf5 O-O 14. Ng3 Bg4 15. Bb3 c6 16. h3 Bd7 17. Bc2 g6 18. Qd2 Kg7 19. d4 Qe7 20. Rad1 Rad8 21. Nh2 Nh7 22. f4 Qh4 23. Qe1 Kh8 24. fxe5 dxe5 25. Nf3 Qe7 26. Kh1 exd4 27. cxd4 {½-½ Baryshev,S (1738)-Shilnikov,I (1818) Nizhnij Novgorod Region-ch 2013 (7)}) 13. Qc2 O-O 14. Rac1 c6 15. Rfd1 Nh5 16. g3 Nf6 17. Nh4 d5 18. Ba2 g6 19. Qb3 Ng4 20. Nxg4 Bxg4 21. Re1 Qf6 22. Rc2 dxe4 23. Rxe4 Be6 24. c4 b5 25. Qb4 g5 26. Ng2 Bf5 27. Re1 Bxd3 28. Rd2 Rfd8 29. c5 e4 30. Ne3 a5 31. Ng4 Qg7 32. Qxa5 Bxc5 33. Qc7 Rac8 34. Qxf7+ Kh8 35. Qxg7+ Kxg7 36. Ne5 b4 37. Rc1 Bf8 38. Rxc6 Rxc6 39. Nxc6 Ra8 40. Nd4 Kf6 41. Bd5 Ra5 42. Bc6 bxa3 43. bxa3 Rxa3 44. Nb5 Ra1+ 45. Kg2 Bf1+ 0-1